| 000 | 004500000a22001810004500 | ||
|---|---|---|---|
| 041 | 0 | _aSPA | |
| 082 | 0 | 4 | _aG 262.13 K9646i |
| 100 | 1 | _aKüng, Hans (1928 - ) | |
| 245 | 1 | 0 | _aInfalible? : Una pregunta / Hans Küng |
| 250 | _a2 | ||
| 260 | _aBuenos Aires, Argentina : Herder | ||
| 300 | _a294 Pag | ||
| 001 | 7186 | ||
| 942 | _cBK | ||
| 999 |
_c37410 _d37410 |
||
| 336 |
_atexto _btxt _2rdacontent |
||
| 337 |
_2rdamedia _asin mediación _bn |
||
| 338 |
_2rdacarrier _avolumen _bnc |
||